000 01467nam a2200289 4500
001 0000020842
003 CO-CtgCURN
005 20250429224120.0
007 ta
008 160627s2001 000 0 eng d
020 _a8471124653
040 _aCO-CtgCURN
_bspa
_ccoctgcurn
082 0 _a372.7
_bP58
240 1 0 _a240Educación, culturas y lenguas en America Latina
245 0 0 _aPluriculturalidad y aprendizaje de la matemática en America Latina :
_bexperiencias y desafios /
_cAlfonso E. Lizarzaburu y Gustavo Zapata Soto (comps.).
260 _aMadrid :
_bMorata,
_c2001.
300 _a271 p.: ill.
336 _2rdacontent
337 _2rdamedia
_asin mediacion
_bn
338 _2rdacarrier
_avolumen
_bnc
505 8 _aMatemática y lenguajes. ·Como seguir siendo amerindio y aprender la matemática de la que se tiene y se tendra necesidad en la vida?.--Nuevos enfoques en la enseñanaza de la matemática y la formacion de profesores indigenas.--Algunas consideraciones fundamentales sobre los procesos de enseñanza y aprendizaje de la matemática en relacion con los pueblos indigenas de America Latina.--La enseñanza de la matemática a educandos quechuas en el marco de la reforma educativa
650 1 4 _aMatemáticas
_venseñanza y aprendizaje
_zAmerica Latina.
700 1 _alizarzaburu, Alfonso E. (comp.)
908 _a160627
942 _cBK
_h372.7
_iP58
_2ddc
999 _c39424
_d39424